00342nam a2200145Ia 4500008004100000084001100041100001900052245003000071250002000101260000900121260000900130260001200139300001000151500003500161180424s9999 xx 000 0 und d aT20 B5 a"Backiamary, " 0aThamizh Ilakkiya Varalaru a\\201000ENGGPSX aNCBH b2010 cCHENNAI a531p. aincludes index and biblioraphy